IFM Opac

Exchange Rates and International Finance (Record no. 22149)

MARC details
000 -LEADER
fixed length control field 00323nam a22001337a 4500
020 ## - INTERNATIONAL STANDARD BOOK NUMBER
ISBN 978-0-273-78604-7
082 ## - DEWEY DECIMAL CLASSIFICATION NUMBER
Classification number 332.456
100 ## - MAIN ENTRY--AUTHOR NAME
Personal name Copeland, Laurence
245 ## - TITLE STATEMENT
Title Exchange Rates and International Finance
250 ## - EDITION STATEMENT
Edition statement 6th
260 ## - PUBLICATION, DISTRIBUTION, ETC. (IMPRINT)
Place of publication Harlow:
Name of publisher Pearson,
Year of publication 2014
300 ## - PHYSICAL DESCRIPTION
Number of Pages xii, 573p.: ill.; 25cm
942 ## - ADDED ENTRY ELEMENTS (KOHA)
Koha item type Books
Holdings
Withdrawn status Lost status Damaged status Not for loan Collection code Permanent Location Current Location Shelving location Date acquired Source of acquisition Full call number Accession Number Price effective from Koha item type
        Non-fiction IFM Main Campus Library IFM Main Campus Library Work Room processing 01/14/2026 Purchased 332.456 COP 00000347 01/14/2026 Books
        Non-fiction IFM Main Campus Library IFM Main Campus Library Work Room processing 01/14/2026 Purchased 332.456 COP 0000030346 01/14/2026 Books
        Non-fiction IFM Main Campus Library IFM Main Campus Library Work Room processing 01/14/2026 Purchased 332.456 COP   01/14/2026 Books